| 000 | 00912nam a2200217 a 4500 | ||
|---|---|---|---|
| 005 | 20240530063909.0 | ||
| 008 | 991125s1944 mx 000 0 spa u | ||
| 035 | _aUPN01000008234 | ||
| 049 | _aCG | ||
| 050 | 4 |
_aLA917 _bJ5.3 |
|
| 100 | 1 | _aJiménez, Alberto | |
| 245 | 1 | 3 |
_aLa ciudad del estudio : _bensayo sobre la universidad española / _cAlberto Jiménez. |
| 260 |
_aMéxico : _bEl Colegio de México, _c1944. |
||
| 300 | _a160, 186, 310 p. | ||
| 440 | 0 |
_aCentro de Estudios Literarios de El Colegio de México ; _v4 |
|
| 501 | _aEncuadernado con: Ocaso y restauración : ensayo sobre la universidad española moderna -- Selección y reforma : ensayosobre la universidad renacentista española | ||
| 500 | _a"Fondo histórico médico Doctor Germán Somolinos" | ||
| 650 | 4 |
_aEducación superior _zEspaña _xHistoria _916496 |
|
| 650 | 4 |
_aUniversidades y colegios _zEspaña _xHistoria _916497 |
|
| 905 | _aLibro | ||
| 999 |
_c8234 _d8234 |
||